000
00268nam a2200109Ia 4500
005
20251222154406.0
008
251222s9999||||xx |||||||||||||| ||spa||
082
_a
922.22/M92
100
_a
"Muelas, Federico"
245
0
_a
Las florecillas de San Francisco
942
_c
LIB
999
_c
35471
_d
35471